| 000 | 02049nam a2200349 i 4500 | ||
|---|---|---|---|
| 001 | 768714001 | ||
| 003 | CO-MdFUSB | ||
| 005 | 20260327165510.0 | ||
| 007 | ta | ||
| 008 | t2006 -us||||g |||| 00| 0 spa d | ||
| 020 | _a0-7899-1545-6 | ||
| 020 | _a978-0-7899-1545-0 | ||
| 040 |
_aCO-MdFUSB _bspa _cCO-MdFUSB _dCO-MdFUSBC _erda |
||
| 041 |
_aspa _heng |
||
| 082 |
_223 _a248.4 _bH654 |
||
| 100 |
_aHillman, Os _eautor |
||
| 240 | _aThe upside of adversity. | ||
| 245 | 1 | 3 |
_aEl lado positivo de la adversidad : _bascienda del pozo a la grandeza _c/ Os Hillman |
| 264 | 1 |
_aMiami, Florida : _bUnilit, _c[2006] |
|
| 264 | 4 | _c©2006 | |
| 300 |
_a227 páginas _c; 20 cm |
||
| 336 |
_2rdacontent _atexto _btxt |
||
| 337 |
_2rdamedia _asin mediación _bn |
||
| 338 |
_2rdacarrier _avolumen _bnc |
||
| 500 | _aIncluye índice general ; Citas bíblicas tomadas de la Nueva Versión Internacional Sociedad Bíblica Internacional ; algunas citas tomadas de la Reina-Valera 1960 (RV-60) | ||
| 505 | _aReconocimientos. -- Prólogo. -- Dan Cathy. -- Introducción. -- Primera parte: Algunos líderes son llamados a una adversidad extraordinaria. -- Usted tiene un Llamamiento de José. -- La manera en que Dios llama a un líder. -- El hueco negro. -- El lugar desierto. -- Segunda parte: Algunos líderes son llamados a pasar pruebas. -- Primera prueba: La Prueba de Judas. -- Segunda prueba: La Prueba de la integridad. -- Tercera prueba: La Prueba de la perseverancia. -- Cuarta prueba: La Prueba del éxito. -- Tercera parte: Por qué sufrimos. -- ¿Por qué sufren la gente buena?. -- El sufrimiento, la enfermedad y el pecado. -- La adversidad que proviene de fortalezas. -- Cuarta parte: Preparémonos para la aventura que nos espera. -- Nuestra respuesta a la adversidad. -- Enfrentémonos al temor al fracaso. -- Atrévase a cumplir su Llamamiento de José. -- Resumen. | ||
| 563 | _aRústico | ||
| 650 | 0 |
_aVida cristiana _919 |
|
| 653 | _aSuperación personal y adversidad | ||
| 942 | _cBK | ||
| 945 | _aCatherine Arias Alvarez | ||
| 999 |
_c71382 _d71382 |
||